000 00832nam a22002414a 4500
001 197779
005 20250803063113.0
008 250123b2024 sp ||||| |||| 00| 0 spa d
040 _bspa
_cES-MaACL
100 1 _9144130
_aVázquez Marín, Juana
245 _aQueja
250 _aPrimera Edición: febrero 2024
300 _a48 páginas
_c21 cm
336 _2rdacontent
_atexto
337 _2rdamedia
_asin mediación
338 _2rdacarrier
_avolumen
500 _aRegistro provisional. FOLL-DJ-4
852 _aES-MaACL
_cDEPOJ
_jFOLL-DJ-4
_gDedicatoria Autógrafa de la Autora
_hDonación: Juana Vázquez Marín
_xEncuadernación Rustica
_zEn Proceso
942 _2udc
_cFOLLETOS
_n0
999 _c197779
_d197779